KINGS LEAGUE - Equipes Françaises - Statistiques

Statistiques générales
  • Ce quiz a été pris 75 fois
  • Le résultat moyen est 7 sur 8
Statistiques - réponses
Par images Réponse % Correct
Michou
98%
Pfut
98%
Adil Rami
97%
Domingo
95%
Kameto
92%
Koné, Tchouaméni, Mbeumo, Maignan, Koundé
88%
Squeezie, Djilsi, Maxime Biaggi
88%
Aminematue, Jérémy Ménez, Samir Nasri
84%
Aucun quiz correspondant
Distribution des résultats
% des personnes avec chaque résultat
Percentile par nombre de réponses
Votre historique - résultats
Vous n’avez pas pris ce quiz